| 000 | 00883nam a22003017a 4500 | ||
|---|---|---|---|
| 001 | 6582 | ||
| 003 | FISKH | ||
| 005 | 20250512151604.0 | ||
| 008 | 250512b cb ||||| |||| 00| 0 eng d | ||
| 020 | _a9781612360300 | ||
| 040 |
_aFISKH _beng _cFISKH _dFISKH |
||
| 050 | _aPZ7.K666 EB | ||
| 082 | _a 813.54 | ||
| 100 | _aKoontz, Robin | ||
| 245 |
_aThe three Billy goats and gruff / _cWritten and Illustrated by Robin Koontz |
||
| 250 | _aThis edition first published in 2012 | ||
| 260 |
_aNorth Mankato : _bRourke, _c2012 |
||
| 300 |
_a24 pages : _bcolor illustrations ; _c21 cm |
||
| 505 | _aG | ||
| 520 | _aThis Advanced Reader Retells A Classic Story. | ||
| 521 | 8 |
_a340
_bLexile |
|
| 521 | 8 |
_aG
_bRaz-Plus |
|
| 650 |
_2Fiction _aFolktale |
||
| 650 |
_2Picture book _aGrade 2 |
||
| 700 |
_aKoontz, Robin _dillustrator |
||
| 942 |
_2ddc _cBK _n0 |
||
| 999 |
_c6582 _d6582 |
||